LEADER 01934nam0 22004573i 450 001 VAN00283125 005 20250108122807.49 017 70$2N$a9789811630538 100 $a20241119d2021 |0itac50 ba 101 $aeng 102 $aSG 105 $a|||| ||||| 181 $ai$b e 182 $ab 200 1 $aModeling and Simulation of Complex Dynamical Systems$eVirtual Laboratory Approach based on Wolfram SystemModeler$fVladimir Ryzhov ... [et al.] 210 $aSingapore$cSpringer$d2021 215 $axiv, 168 p.$cill.$d24 cm 606 $a37-XX$xDynamical systems and ergodic theory [MSC 2020]$3VANC020363$2MF 606 $a37Mxx$xApproximation methods and numerical treatment of dynamical systems [MSC 2020]$3VANC021950$2MF 610 $aConnected Pendulum$9KW:K 610 $aDouble Pendulum$9KW:K 610 $aDual Torsion Oscillator$9KW:K 610 $aDynamic System Modeling$9KW:K 610 $aMathematical Pendulum$9KW:K 610 $aMechanical Oscillatory Systems$9KW:K 610 $aModelica Language$9KW:K 610 $aModeling Complex Systems$9KW:K 610 $aMulti-Component Models$9KW:K 610 $aNewton's Laws$9KW:K 610 $aWolfram SystemModeler$9KW:K 620 $aSG$dSingapore$3VANL000061 702 1$aRyzhov$bVladimir$3VANV236343 712 $aSpringer $3VANV108073$4650 801 $aIT$bSOL$c20250110$gRICA 856 4 $uhttp://doi.org/10.1007/978-981-16-3053-8$zE-book ? Accesso al full-text attraverso riconoscimento IP di Ateneo, proxy e/o Shibboleth 899 $aBIBLIOTECA DEL DIPARTIMENTO DI MATEMATICA E FISICA$1IT-CE0120$2VAN08 912 $fN 912 $aVAN00283125 950 $aBIBLIOTECA DEL DIPARTIMENTO DI MATEMATICA E FISICA$d08DLOAD e-Book 9809 $e08eMF9809 20241127 996 $aModeling and Simulation of Complex Dynamical Systems$94286912 997 $aUNICAMPANIA